Informe económico anual 1975
Guardat en:
| Autor corporatiu: | , |
|---|---|
| Format: | Llibre |
| Idioma: | espanyol |
| Publicat: |
Santiago
ODEPLAN
1975
|
| Matèries: | |
| Etiquetes: |
Afegir etiqueta
Sense etiquetes, Sigues el primer a etiquetar aquest registre!
|
MARC
| LEADER | 00000nam a2200000 a 4500 | ||
|---|---|---|---|
| 001 | UCR7829 | ||
| 003 | CL-VaPUC | ||
| 008 | 980519e19750000CL |||||||||||||||||spa|d | ||
| 082 | 0 | 4 | |a 339.383 |b ODE |2 21 |
| 110 | 2 | |a ODEPLAN |e author |9 409288 | |
| 710 | 2 | |a Oficina de Planificación Nacional |e author |9 409289 | |
| 245 | 1 | 0 | |a Informe económico anual 1975 |
| 300 | |a 103 p | ||
| 942 | |c BK | ||
| 945 | |d 19980519 00:00:00 |a crobeson | ||
| 260 | |a Santiago |b ODEPLAN |c 1975 | ||
| 650 | 0 | |a Economía |9 255568 | |
| 650 | 0 | |a Condiciones económicas |9 258255 | |
| 650 | 0 | |a Desarrollo económico y social |9 256320 | |
| 650 | 7 | |a RECURSOS ECONOMICOS |2 CL-VaPUC |9 314744 | |
| 650 | 0 | |a Planificación y administración |9 335636 | |
| 651 | 7 | |a CHILE |2 CL-VaPUC |9 409290 | |
| 583 | |a last modification |c 19980519 00:00:00 |k Rodrigo Vera | ||
| 999 | |c 269408 |d 269406 | ||